F1 DRIVERS NUMBERS (since 2014) - Statistics

General Stats
  • This quiz has been taken 755 times
    586 since last reset
  • The average score is 23 of 42
Answer Stats
Numbers Réponse % Correct
1 Sébastien Vettel / Max Verstappen
98%
3 Daniel Ricciardo
92%
4 Max Chilton / Lando Norris
92%
10 Kamui Kobayashi / Pierre Gasly
89%
44 Lewis Hamilton
87%
16 Charles Leclerc
85%
17 (supprimé en 2015) Jules Bianchi
83%
63 George Russell
81%
55 Carlos Sainz Jr.
80%
5 Sebastian Vettel
79%
14 Fernando Alonso
78%
77 Valtteri Bottas
78%
11 Sergio Pérez
75%
31 Esteban Ocon
74%
2 Stoffel Vandoorne / Logan Sargeant
73%
22 Jenson Button / Yuki Tsunoda
72%
33 Max Verstappen
72%
81 Oscar Piastri
72%
7 Kimi Räikkönen
69%
18 Lance Stroll
69%
23 Alexander Albon
62%
6 Nico Rosberg / Nicholas Latifi
61%
20 Kevin Magnussen
58%
27 Nico Hülkenberg
56%
99 Adrien Sutil / Antonio Giovinazzi
49%
24 Guanyu Zhou
49%
47 Mick Schumacher
44%
8 Romain Grosjean
36%
9 Marcus Ericsson / Nikita Mazepin
34%
21 Esteban Gutiérrez / Nyck de Vries
32%
88 Rio Haryanto / Robert Kubica
22%
13 Pastor Maldonado
19%
26 Daniil Kvyat
18%
19 Felipe Massa
18%
25 Jean-Éric Vergne
15%
30 Jolyon Palmer
15%
12 Felipe Nasr
13%
94 Pascal Wehrlein
13%
35 Sergey Sirotkin
12%
28 Will Stevens / Brendon Hartley
11%
53 Alexander Rossi
10%
98 Roberto Merhi
10%
No matching quizzes found
Score Distribution
Percent of People with Each Score
Percentile by Number Answered
Your Score History
You have not taken this quiz since the last reset